Аддитивный метод моделирования пространственных форм объектов в цифровой радиографии и компьютерной томографии; Инновации в неразрушающем контроле (SibTest 2019)

Bibliografiske detaljer
Parent link:Инновации в неразрушающем контроле (SibTest 2019).— 2019.— [С. 56-57]
Hovedforfatter: Осипов С. П. Сергей Павлович
Institution som forfatter: Национальный исследовательский Томский политехнический университет Институт неразрушающего контроля Российско-китайская научная лаборатория радиационного контроля и досмотра
Andre forfattere: Ядренкин И. Г. Илья Геннадьевич (научный руководитель), Осипов О. С. Олег Сергеевич
Summary:Заглавие с экрана
Sprog:russisk
Udgivet: 2019
Serier:Современные системы и технологии в неразрушающем контроле
Fag:
Online adgang:http://earchive.tpu.ru/handle/11683/56667
Format: MixedMaterials Electronisk Book Chapter
KOHA link:https://koha.lib.tpu.ru/cgi-bin/koha/opac-detail.pl?biblionumber=630452

MARC

LEADER 00000naa2a2200000 4500
001 630452
005 20231220153756.0
035 |a (RuTPU)RU\TPU\conf\31511 
035 |a RU\TPU\conf\31509 
090 |a 630452 
100 |a 20191111d2019 k y0rusy50 ca 
101 0 |a rus 
102 |a RU 
105 |a y z 101zy 
135 |a drgn ---uucaa 
181 0 |a i  
182 0 |a b 
200 1 |a Аддитивный метод моделирования пространственных форм объектов в цифровой радиографии и компьютерной томографии  |f С. П. Осипов, И. Г. Ядренкин, О. С. Осипов  |g науч. рук. С. П. Осипов 
203 |a Текст  |c электронный 
225 1 |a Современные системы и технологии в неразрушающем контроле 
300 |a Заглавие с экрана 
320 |a [Библиогр.: с. 57 (3 назв.)] 
463 1 |0 (RuTPU)RU\TPU\conf\31411  |t Инновации в неразрушающем контроле (SibTest 2019)  |o сборник тезисов докладов V международной конференции, Екатеринбург, 26–28 июня 2019 г.  |f Национальный исследовательский Томский политехнический университет (ТПУ)  |v [С. 56-57]  |d 2019 
610 1 |a труды учёных ТПУ 
610 1 |a электронные ресурсы 
610 1 |a аддитивные методы 
610 1 |a моделирование 
610 1 |a пространственные формы 
610 1 |a объекты 
610 1 |a цифровая радиография 
610 1 |a компьютерная томография 
700 1 |a Осипов  |b С. П.  |c специалист в области неразрушающего контроля  |c ведущий научный сотрудник Томского политехнического университета, кандидат технических наук  |f 1958-  |g Сергей Павлович  |3 (RuTPU)RU\TPU\pers\33974  |9 17547 
701 1 |a Ядренкин  |b И. Г.  |g Илья Геннадьевич 
701 1 |a Осипов  |b О. С.  |c специалист в области неразрушающего контроля  |c инженер-исследователь Томского политехнического университета  |f 1984-  |g Олег Сергеевич  |3 (RuTPU)RU\TPU\pers\35086 
702 1 |a Осипов  |b С. П.  |c специалист в области неразрушающего контроля  |c ведущий научный сотрудник Томского политехнического университета, кандидат технических наук   |f 1958-  |g Сергей Павлович  |4 727 
712 0 2 |a Национальный исследовательский Томский политехнический университет  |b Институт неразрушающего контроля  |b Российско-китайская научная лаборатория радиационного контроля и досмотра  |3 (RuTPU)RU\TPU\col\21551 
801 2 |a RU  |b 63413507  |c 20191112  |g RCR 
856 4 |u http://earchive.tpu.ru/handle/11683/56667 
942 |c BK